Experiencias latinoamericanas en empresas asociativas y la modernización de la empresa agrícola /
Gespeichert in:
| 1. Verfasser: | |
|---|---|
| Weitere Verfasser: | |
| Format: | Text |
| Tags: |
Tag hinzufügen
Keine Tags, Fügen Sie den ersten Tag hinzu!
|
MARC
| LEADER | 00000 a a2200000 04500 | ||
|---|---|---|---|
| 001 | 4918 | ||
| 003 | |||
| 040 | |||
| 100 | |a Araujo, José Emilio G. | ||
| 245 | |a Experiencias latinoamericanas en empresas asociativas y la modernización de la empresa agrícola / |c José Emilio G. Araujo | ||
| 700 | |a Fernández, Hugo | ||
| 773 | |g volumen 9, número 3; páginas 87-97 | ||
| 999 | |c 26030 |d 26030 | ||
